| 000 | 00673nab a2200181 4500 | ||
|---|---|---|---|
| 001 | 244442 | ||
| 003 | OSt | ||
| 005 | 20260209133215.0 | ||
| 007 | tu | ||
| 008 | 260209s2020||||||| | ||
| 040 |
_aDE-2950 _cDE-2950 |
||
| 245 | 0 | 0 |
_aFilme jenseits des Mainstreams _bKultur. Das Kleine Kino in Frankfurt begeistert seit mehr als 30 Jahren ein treues Publikum. Dank ehrenamtlichem Engagement und kreativen Kooperationen bleibt das Programm vielfältig und erfolgreich/ _cInes Weber-Rath |
| 264 | _c2025 | ||
| 653 | _aFrankfurt (Oder) | ||
| 653 | _aKleines Kino | ||
| 773 | 0 |
_g37. Jahrgang (2026) Nr. 28 vom 03.02.2026 , S. 15 mit Fotos _tMärkische Oderzeitung |
|
| 942 |
_2z _cA |
||
| 999 |
_c374280 _d374280 |
||